Inside the Muslim Brotherhood : (Record no. 25492)
[ view plain ]
| 000 -LEADER | |
|---|---|
| fixed length control field | 00968cam a22002775a 4500 |
| 001 - CONTROL NUMBER | |
| control field | ssj0001704561 |
| 003 - CONTROL NUMBER IDENTIFIER | |
| control field | OSt |
| 005 - DATE AND TIME OF LATEST TRANSACTION | |
| control field | 20171018155033.0 |
| 008 - FIXED-LENGTH DATA ELEMENTS--GENERAL INFORMATION | |
| fixed length control field | 160222s2016 nyu frb 001 0 eng d |
| 020 ## - INTERNATIONAL STANDARD BOOK NUMBER | |
| International Standard Book Number | 9780190279738 |
| 040 ## - CATALOGING SOURCE | |
| Original cataloging agency | DLC |
| Language of cataloging | eng |
| Transcribing agency | DLC |
| Modifying agency | DLC |
| -- | WaSeSS |
| -- | EG-ScBUE |
| 043 ## - GEOGRAPHIC AREA CODE | |
| Geographic area code | f-ua--- |
| 082 04 - DEWEY DECIMAL CLASSIFICATION NUMBER | |
| Classification number | 322.420962 |
| Edition number | 22 |
| Item number | ANA |
| 100 1# - MAIN ENTRY--PERSONAL NAME | |
| Personal name | ʻAnānī, Khalīl. |
| 245 10 - TITLE STATEMENT | |
| Title | Inside the Muslim Brotherhood : |
| Remainder of title | religion, identity, and politics / |
| Statement of responsibility, etc | Khalil al-Anani. |
| 260 ## - PUBLICATION, DISTRIBUTION, ETC. (IMPRINT) | |
| Place of publication, distribution, etc | New York : |
| Name of publisher, distributor, etc | Oxford University Press, |
| Date of publication, distribution, etc | c.2016. |
| 300 ## - PHYSICAL DESCRIPTION | |
| Extent | xv, 199 p. ; |
| Dimensions | 25 cm |
| 504 ## - BIBLIOGRAPHY, ETC. NOTE | |
| Bibliography, etc | Includes bibliographical references and index. |
| 506 ## - RESTRICTIONS ON ACCESS NOTE | |
| Terms governing access | Available on campus and off campus with authorized login. |
| 610 27 - SUBJECT ADDED ENTRY--CORPORATE NAME | |
| Corporate name or jurisdiction name as entry element | Jamʻīyat al-Ikhwān al-Muslimīn (Egypt) |
| 9 (RLIN) | 38595 |
| 650 #7 - SUBJECT ADDED ENTRY--TOPICAL TERM | |
| Topical term or geographic name as entry element | Islam and politics |
| Geographic subdivision | Egypt. |
| Source of heading or term | BUEsh |
| 9 (RLIN) | 11625 |
| 651 #7 - SUBJECT ADDED ENTRY--GEOGRAPHIC NAME | |
| Geographic name | Egypt |
| General subdivision | Politics and government |
| Chronological subdivision | 1981- |
| Source of heading or term | BUEsh |
| 653 ## - INDEX TERM--UNCONTROLLED | |
| Resource For college | BAEPS, Political Science |
| Arrived date list | October2017 |
| 655 ## - INDEX TERM--GENRE/FORM | |
| Form subdivision | Text book |
| -- | 33728 |
| 942 ## - ADDED ENTRY ELEMENTS (KOHA) | |
| Source of classification or shelving scheme | Dewey Decimal Classification |
| Withdrawn status | Item status | Source of classification or shelving scheme | Damaged status | Not for loan | Vendor | Home library | Current library | Shelving location | Date acquired | Source of acquisition | Cost, normal purchase price | Total Checkouts | Full call number | Barcode | Date last seen | Koha item type | Total Renewals | Date last borrowed |
|---|---|---|---|---|---|---|---|---|---|---|---|---|---|---|---|---|---|---|
| Dewey Decimal Classification | Baccah | Central Library | Central Library | First floor | 18/10/2017 | Purchase | 970.00 | 322.420962 ANA | 000042170 | 15/07/2025 | NB - Book (Non borrowing) | |||||||
| Dewey Decimal Classification | Baccah | Central Library | Central Library | First floor | 18/10/2017 | Purchase | 970.00 | 322.420962 ANA | 000042171 | 15/07/2025 | NB - Book (Non borrowing) | |||||||
| Dewey Decimal Classification | Baccah | Central Library | Central Library | First floor | 18/10/2017 | Purchase | 2 | 322.420962 ANA | 000042172 | 15/07/2025 | Book - Borrowing | 7 | 10/04/2023 | |||||
| Dewey Decimal Classification | Baccah | Central Library | Central Library | First floor | 18/10/2017 | Purchase | 4 | 322.420962 ANA | 000042173 | 15/07/2025 | Book - Borrowing | 13 | 27/04/2024 | |||||
| Dewey Decimal Classification | Baccah | Central Library | Central Library | First floor | 18/10/2017 | Purchase | 2 | 322.420962 ANA | 000042174 | 15/07/2025 | Book - Borrowing | 2 | 10/04/2023 |